<?xml version="1.0" encoding="UTF-8"?>
<record
    xmlns:xsi="http://www.w3.org/2001/XMLSchema-instance"
    xsi:schemaLocation="http://www.loc.gov/MARC21/slim http://www.loc.gov/standards/marcxml/schema/MARC21slim.xsd"
    xmlns="http://www.loc.gov/MARC21/slim">

  <leader>02205nam a2200265Ia 4500</leader>
  <controlfield tag="003">3228</controlfield>
  <controlfield tag="005">20250313103204.0</controlfield>
  <controlfield tag="008">210817s9999    xx            000 0 und d</controlfield>
  <datafield tag="020" ind1=" " ind2=" ">
    <subfield code="a">9780702 177262</subfield>
    <subfield code="q">Paperback</subfield>
  </datafield>
  <datafield tag="040" ind1=" " ind2=" ">
    <subfield code="a">RDA</subfield>
    <subfield code="b">ENGLISH</subfield>
    <subfield code="c">3228</subfield>
  </datafield>
  <datafield tag="082" ind1=" " ind2=" ">
    <subfield code="a">338.479168 NEWT</subfield>
  </datafield>
  <datafield tag="100" ind1=" " ind2=" ">
    <subfield code="a"> Tassiopoulos, Dimitri  </subfield>
    <subfield code="9">27318</subfield>
  </datafield>
  <datafield tag="245" ind1=" " ind2="0">
    <subfield code="a">New tourism ventures: </subfield>
    <subfield code="b">an entrepreneurial and managerial approach /</subfield>
    <subfield code="c">editor. Dimitri Tassiopoulos.</subfield>
  </datafield>
  <datafield tag="260" ind1=" " ind2=" ">
    <subfield code="a">Cape Town, South Africa : </subfield>
    <subfield code="b">Juta,</subfield>
    <subfield code="c">2008.</subfield>
  </datafield>
  <datafield tag="300" ind1=" " ind2=" ">
    <subfield code="a">xxx, 514 pages </subfield>
    <subfield code="b">colour illustrations:</subfield>
    <subfield code="c">25 cm</subfield>
  </datafield>
  <datafield tag="504" ind1=" " ind2=" ">
    <subfield code="a">Includes bibliographical references (pages 469-501) and index.</subfield>
  </datafield>
  <datafield tag="521" ind1=" " ind2=" ">
    <subfield code="a">Adult</subfield>
  </datafield>
  <datafield tag="650" ind1=" " ind2=" ">
    <subfield code="2">Part A -- 1. Entrepreneurship and the tourism economy -- 2. Entrepreneurial environments, processes and types -- -- Part B -- 3. Creativity and innovation -- 4. Franchising -- 5. Evaluating the opportunity -- -- Part C -- 6. Understanding the business plan -- 7. Compiling the business plan : marketing plan -- 8. Compiling the business plan : financial plan -- 9. Business plan : organisational and management plan -- 10. Business plan : operations plan -- 11. Compiling the business plan : developing a service excellence plan -- -- Part D -- 12. Getting started -- 13. People and teams -- 14. Family ventures : opportunities, challenges and succession -- 15. Strategic perspectives -- 16. Managing growth of SMTEs -- 17. Intrapreneurship in the venture : evolution, hurdles, leadership -- 18. Purchasing a venture -- 19. Selling/harvesting the venture : selling at the right time, various routes to a sale, timing and tenacity of a sale -- -- Part E -- 20. Case study : Tribal Meetings -- 21. Case study : Kamieskroon Bed &amp; Breakfast -- 22. George A. Cohon : McDonald's, Canada -- 23. Kingtree Wines and Kingtree lodge -- 24. Dyer Island Cruises (Pty) Ltd</subfield>
  </datafield>
  <datafield tag="651" ind1=" " ind2=" ">
    <subfield code="a">South Africa</subfield>
  </datafield>
  <datafield tag="654" ind1=" " ind2=" ">
    <subfield code="2">Entrepreneurship  Small business&#x2014;Management  Tourism&#x2014;Management  Tourism&#x2014;Planning  South Africa</subfield>
  </datafield>
  <datafield tag="655" ind1=" " ind2=" ">
    <subfield code="a">Non-fiction</subfield>
    <subfield code="9">190173</subfield>
  </datafield>
  <datafield tag="690" ind1=" " ind2=" ">
    <subfield code="2">213858128</subfield>
  </datafield>
  <datafield tag="700" ind1=" " ind2=" ">
    <subfield code="a">Sharon Steyn, Jennifer Stern, Ethne Clarke, Marius Roux, Jennifer Stern, Lebone Publishing Services, Creda Communications</subfield>
    <subfield code="9">192437</subfield>
  </datafield>
  <datafield tag="942" ind1=" " ind2=" ">
    <subfield code="c">BOOK</subfield>
    <subfield code="2">ddc</subfield>
    <subfield code="y">12663</subfield>
    <subfield code="z">Priscilla Nozizwe Mogale</subfield>
  </datafield>
  <datafield tag="999" ind1=" " ind2=" ">
    <subfield code="c">104269</subfield>
    <subfield code="d">104268</subfield>
  </datafield>
  <datafield tag="952" ind1=" " ind2=" ">
    <subfield code="0">0</subfield>
    <subfield code="1">0</subfield>
    <subfield code="4">0</subfield>
    <subfield code="7">0</subfield>
    <subfield code="a">MAPHL</subfield>
    <subfield code="b">MAPHL</subfield>
    <subfield code="d">2021-08-17</subfield>
    <subfield code="g">238.00</subfield>
    <subfield code="l">0</subfield>
    <subfield code="p">33228002146874</subfield>
    <subfield code="r">2021-08-17</subfield>
    <subfield code="w">2021-08-17</subfield>
    <subfield code="y">BK</subfield>
  </datafield>
  <datafield tag="952" ind1=" " ind2=" ">
    <subfield code="0">0</subfield>
    <subfield code="1">0</subfield>
    <subfield code="2">ddc</subfield>
    <subfield code="4">0</subfield>
    <subfield code="7">0</subfield>
    <subfield code="8">300</subfield>
    <subfield code="a">MKHUL</subfield>
    <subfield code="b">MKHUL</subfield>
    <subfield code="c">Non_Fiction</subfield>
    <subfield code="d">2025-03-13</subfield>
    <subfield code="l">0</subfield>
    <subfield code="o">338.479168 NEWT</subfield>
    <subfield code="p">33228 022538183</subfield>
    <subfield code="r">2025-03-13</subfield>
    <subfield code="w">2025-03-13</subfield>
    <subfield code="y">BOOK</subfield>
  </datafield>
</record>
